| 000 | 01018cam a2200205 4500 | ||
|---|---|---|---|
| 001 | ABS63711 | ||
| 008 | 000000n2001 000 0 eng u | ||
| 035 | _a(Sirsi) u111481 | ||
| 100 | _aScott, A. | ||
| 245 | _aTurn off the clock as you surf | ||
| 260 | _c2001 | ||
| 490 |
_aEstates Gazette _v(0110) 10 March 2001, 137(1) |
||
| 520 | _aSuggests that the Campaign for Unmetered Telecommunications is on the road to success, with unmetered internet access now available through several key service providers, including AOL UK and Freeserve. Suggests that estate agents could benefit enormously from unmetered narrowband and broadband internet access. This would allow and encourage clients to walk through virtual models of properties they are considering buying, thus saving them wasted journeys to view unsuitable properties. | ||
| 590 | _aABS | ||
| 650 | _aEBUSINESS | ||
| 650 | _aBROADBAND COMMUNICATIONS | ||
| 650 | _aUNMETRED INTERNET ACCESS | ||
| 690 | _aINFORMATION TECHNOLOGY-INTERNET | ||
| 942 | _n0 | ||
| 999 |
_c66426 _d66426 |
||